Abstract : (Record no. 175517)
[ view plain ]
| 000 -LEADER | |
|---|---|
| fixed length control field | 00997 a2200193 4500 |
| 003 - CONTROL NUMBER IDENTIFIER | |
| control field | Nust |
| 005 - DATE AND TIME OF LATEST TRANSACTION | |
| control field | 20221013172539.0 |
| 020 ## - INTERNATIONAL STANDARD BOOK NUMBER | |
| International Standard Book Number | 0669400009 |
| 040 ## - CATALOGING SOURCE | |
| Transcribing agency | Nust |
| 082 ## - DEWEY DECIMAL CLASSIFICATION NUMBER | |
| Classification number | 005.74,DAL |
| 100 ## - MAIN ENTRY--PERSONAL NAME | |
| Personal name | Dale, Nell |
| 9 (RLIN) | 60989 |
| 245 ## - TITLE STATEMENT | |
| Title | Abstract : |
| Remainder of title | specifications, implementations and applications / |
| Statement of responsibility, etc. | Nell Dale |
| 260 ## - PUBLICATION, DISTRIBUTION, ETC. | |
| Place of publication, distribution, etc. | Toronto |
| Name of publisher, distributor, etc. | D. C. Heath |
| Date of publication, distribution, etc. | 1996 |
| 300 ## - PHYSICAL DESCRIPTION | |
| Extent | xxiii, 624 p.: |
| 505 ## - FORMATTED CONTENTS NOTE | |
| Formatted contents note | Abstract Specification Techniques (Page-1), Analysis of Algorithms (Page-35), Towards More Generality in Algorithm (Page-63), Unstructured Data Types (Page-97), Semi-Structured Data Types (Page-151),Structured Linear Data types (Page-193), Binary Trees (Page-251), Binary Search Trees (Page-313), Multi Way Search Trees (Page-377), Directed Graphs or Digraphs (Page-439), Undirected Graphs and Complexity (Page-491), Generalized Lists (Page-533), Memory Management (Page-581). |
| 650 ## - SUBJECT ADDED ENTRY--TOPICAL TERM | |
| Topical term or geographic name entry element | Abstracts-Computer science |
| 9 (RLIN) | 100233 |
| 700 ## - ADDED ENTRY--PERSONAL NAME | |
| Personal name | Walker, Henry M. |
| 9 (RLIN) | 100234 |
| 942 ## - ADDED ENTRY ELEMENTS (KOHA) | |
| Koha item type | Book |
| Source of classification or shelving scheme | |
| Call number prefix | 005.74,DAL |
| Withdrawn status | Lost status | Source of classification or shelving scheme | Damaged status | Not for loan | Permanent Location | Current Location | Shelving location | Date acquired | Full call number | Barcode | Date last seen | Price effective from | Koha item type | Public note |
|---|---|---|---|---|---|---|---|---|---|---|---|---|---|---|
| Military College of Signals (MCS) | Military College of Signals (MCS) | General Stacks | 12/12/2016 | 005.74,DAL | MCS26794 | 12/08/2016 | 12/12/2016 | Book | Almirah No.6, Shelf No.5 |
